000 00989nam a2200277 i 4500
003 EG-GICUC
005 20260405100148.0
008 260405s1971 fr ||||fr|||| 00| 0 fre d
040 _aEG-GiCUC
_bfre
_cEG-GiCUC
_dEG-GiCUC
_eRda
082 0 4 _221
_a341.23
_bMA . O
092 0 4 _221
099 _aLaw1 11 341.23 MA . O 1971
100 1 _aManin,Philippe
_eAuteur
245 _aL'Organisation Des Nation Unies Et Le Maintien De La Paix :
_bLe Respect Du Consentement De L;Etat .
_hTome LX /
_cPhilippe Manin .
264 1 _aParis :
_bLibraire Gènèrale De Dorit Et De Jurisprudence ,
_c1971 .
300 _a343 page ;
_c24 cm.
336 _2rda contenu
_a texte
337 _2rda medias
_aOrdinateur
338 _2 transporteur rda
_a Ressource en ligne
546 _aTexte en français
650 _aDroit International Public
650 _aOrganisation des Nations Unies
856 4 0 _uhttps://fll.law.cu.edu.eg/fulltext/bks/B11-05012.pdf
905 _a59
942 _2ddc
_n0
_cBK
_e21
999 _c68923
_d68923